| 000 | 00592nam a2200181 i 4500 | ||
|---|---|---|---|
| 001 | 145688 | ||
| 003 | ES-MaACL | ||
| 005 | 20231228190149.0 | ||
| 007 | t| | ||
| 008 | 071015s1932 sp ||||1| spa d | ||
| 100 | 1 |
_aVerona, Guido da. _9114196 |
|
| 245 | 1 | 3 |
_aLa canción de ayer y de mañana _b: novela / _cGuido da Verona ; traducción de Huberto Pérez de la Ossa. |
| 260 |
_aMadrid : _bJosé Mª Yagües, _c1932. |
||
| 300 |
_a270 p. : _bil. ; _c19 cm. |
||
| 700 | 1 |
_aPérez de la Ossa, Huberto, _d1897-1983 _990784 |
|
| 852 |
_aES-MaACL _jA-1080 _bR.11399 |
||
| 999 |
_c145688 _d145688 |
||